000 00307 a2200157 4500
001 64482
020 _a0137377762
040 _cAnchieta - Pituba
100 _aMcMurry, John
240 1 0 _aChemistry
_leng
245 1 0 _aChemistry
300 _a1025
362 0 _a1998
650 4 _aQuĂ­mica
942 _cBK
999 _c64482
_d64482